Bệnh lao hiện nay

সংরক্ষণ করুন:
গ্রন্থ-পঞ্জীর বিবরন
প্রধান লেখক: Bùi Xuân Tám
বিন্যাস: গ্রন্থ
ভাষা:Undetermined
প্রকাশিত: Hà Nội Y Học 1998
বিষয়গুলি:
ট্যাগগুলো: ট্যাগ যুক্ত করুন
কোনো ট্যাগ নেই, প্রথমজন হিসাবে ট্যাগ করুন!
Thư viện lưu trữ: Trung tâm Học liệu Trường Đại học Cần Thơ
LEADER 00537nam a2200193Ia 4500
001 CTU_22968
008 210402s9999 xx 000 0 und d
020 |b 25,000đ 
082 |a 616.995 
082 |b T104 
100 |a Bùi Xuân Tám 
245 0 |a Bệnh lao hiện nay 
245 0 |c Bùi Xuân Tám 
260 |a Hà Nội 
260 |b Y Học 
260 |c 1998 
650 |a communicable diseases,lungs - diseases,tuberculosis 
904 |i Minh, 980710 
980 |a Trung tâm Học liệu Trường Đại học Cần Thơ